00286nam a2200109 a 4500008004100000050001400041100002600055245003500081260003500116300001600151350000900167120416s1971 ||||||||||||||||| || u aHB 34 Nor aNorth, Douglass Cecil14aThe economics of public issues aNew YorkbHarper and Rowc1971 aviii, 158p. a0.00